000 00596nam a22001932 4500
001 0000012864
005 20151217155853.0
008 090325s xx 000 0 eng d
040 _aKABU
_cKABU
245 1 0 _aDar es Salaam :
_bcity, port and region /
_cJ. E. G. Sutton, editor.
250 _a1st ed.
260 _aDar es Salaam :
_bTanzania Society,
_c1970.
300 _aix, 213 p.
651 0 _aDar es Saalam (Tanzania)
_@0000169831
700 1 _aSutton, J. E. G.
_@0000169832
852 1 _9p300 KES
908 _a090325
950 _@1
999 _c13535
_d13535